000 00984nam a22002537a 4500
999 _c6603
_d6603
003 AR-CdUCM
008 190318b ||||| |||| 00| 0 spa d
040 _aMUNICIPALIDAD PROVINCIAL DEL CUSCO
_cBIBLIOTECA MUNICIPAL DEL CUSCO
082 _28ed.
_a985.83 /
_bB24
100 _aBasadre, Jorge
_9198
245 _aHistoria de la República del Perú :
_b1822 - 1933 /
260 _aChiclayo :
_bFundación Telefónica,
_c2000
300 _b28 cm.
_cIlustraciones
440 _n1
_99124
505 _aContenido :8va edición de la Historia de la República del Perú entre los años 1822 - 1933 , por el historiador Jorge Basadre, consta de 16 tomos, T.11: Historia de la república de Perú -- Jorge Basadre...
650 _aHistoria del Perú
_9259
650 _aPerú Republicano
_97837
650 _aIndependencia
_9625
650 _aJorge Basadre
_9200
650 _aPresidentes del Perú
_92236
710 _aLa República
_918584
942 _2ddc
_cLIBROS
945 _admma